[Event "30ème Open  d'Avoine"]
[Site "Avoine"]
[Date "2015.07.18"]
[Round "4.27"]
[White "Adam, Etienne"]
[Black "Eid, Maha"]
[Result "1/2-1/2"]
[WhiteElo "2212"]
[BlackElo "2013"]
[PlyCount "135"]
[EventDate "2015.??.??"]
[WhiteTeam "C-E BOIS-COLOMBES"]
[BlackTeam "C.E. STRASBOURG"]

1. c4 b6 2. Nc3 Bb7 3. e4 c5 4. g3 g6 5. Bg2 Bg7 6. Nge2 Nc6 7. O-O d6 8. Rb1
Nf6 9. a3 O-O 10. b4 Nd7 11. d3 Nd4 12. Be3 a6 13. Qd2 Rc8 14. f3 e6 15. Bh6
Bxh6 16. Qxh6 Ne5 17. Qe3 Nxe2+ 18. Nxe2 cxb4 19. Rxb4 Nd7 20. f4 Qc7 21. g4 a5
22. Rb3 Nc5 23. Rbb1 f5 24. gxf5 exf5 25. exf5 Rce8 26. Qd2 Bxg2 27. Kxg2 Rxf5
28. Ng3 Rf7 29. f5 Ref8 30. fxg6 hxg6 31. Qh6 Qb7+ 32. Kg1 Rxf1+ 33. Rxf1 Rxf1+
34. Nxf1 Qg7 35. Qe3 Qe5 36. Kf2 Qf5+ 37. Ke2 Qg4+ 38. Ke1 Kf7 39. Ng3 Qe6 40.
Ke2 Qxe3+ 41. Kxe3 Ke6 42. Ne2 Kf5 43. h3 Kg5 44. Nf4 Nd7 45. d4 Nf6 46. Kf3
Kf5 {(=)} 47. Ng2 Kg5 48. a4 d5 49. h4+ Kh6 50. Ne3 dxc4 51. Nxc4 Nd5 52. Kg4
Kg7 53. Kg5 Kh7 54. Ne5 Nc3 55. Nxg6 Nxa4 56. Nf8+ Kg8 57. Nd7 b5 58. Nf6+ Kh8
59. Ne4 b4 60. Nd2 Nc3 61. Kf5 a4 62. Ke6 b3 63. d5 b2 64. d6 Ne4 65. Nb1 Kg7
66. d7 Nc5+ 67. Ke7 Nxd7 68. Kxd7 {(=)} 1/2-1/2

[Event "30ème Open  d'Avoine"]
[Site "Avoine"]
[Date "2015.07.18"]
[Round "4.28"]
[White "Louis-Sidois, Charles"]
[Black "Ternault, Mathieu"]
[Result "0-1"]
[WhiteElo "2012"]
[BlackElo "2199"]
[PlyCount "72"]
[EventDate "2015.??.??"]
[WhiteTeam "C-E BOIS-COLOMBES"]
[BlackTeam "C.E. STRASBOURG"]

1. b3 e5 2. Bb2 Nc6 3. e3 Nf6 4. Bb5 Bd6 5. Na3 Na5 6. Nc4 Nxc4 7. Bxc4 Qe7 8.
Qe2 Ba3 9. Bxa3 Qxa3 10. b4 Qb2 11. Rd1 Qxb4 12. Nf3 Qe7 13. e4 d6 14. h3 O-O
15. O-O Nh5 16. d4 Nf4 17. Qe3 Qf6 18. dxe5 dxe5 19. Kh2 b6 20. Qc3 Ng6 21. Bd5
Rb8 22. Qxc7 Qf4+ 23. Kg1 Bxh3 24. gxh3 Qxf3 25. Rd3 Qf6 26. Qxa7 Nf4 27. Rg3
Rbc8 28. Qa6 Rxc2 29. Bb3 Ne2+ 30. Kg2 Nxg3 31. Kxg3 Qf4+ 32. Kg2 Qxe4+ 33. Kh2
Qf4+ 34. Kg2 Rc3 35. Qxb6 Qf3+ 36. Kg1 Qxh3 0-1

[Event "30ème Open  d'Avoine"]
[Site "Avoine"]
[Date "2015.07.18"]
[Round "4.29"]
[White "Secouard, Stephane"]
[Black "Merenciano, Alexandre"]
[Result "1/2-1/2"]
[WhiteElo "1993"]
[BlackElo "2188"]
[PlyCount "116"]
[EventDate "2015.??.??"]
[WhiteTeam "C-E BOIS-COLOMBES"]
[BlackTeam "C.E. STRASBOURG"]

1. e4 c5 2. Nf3 e6 3. d3 b6 4. g3 Bb7 5. Bg2 Be7 6. O-O d6 7. Re1 Nd7 8. Nc3 a6
9. a4 Qc7 10. d4 cxd4 11. Nxd4 Ngf6 12. Nb3 O-O 13. f4 Rfd8 14. Qe2 Nc5 15.
Nxc5 bxc5 16. b3 Rac8 17. Bb2 c4 18. Kh1 cxb3 19. cxb3 Nd7 20. b4 Nb6 21. Rac1
Qd7 22. b5 Nc4 23. Ba1 Bf6 24. Na2 axb5 25. Bxf6 gxf6 26. Qg4+ Kf8 27. Qh4 bxa4
28. Qxf6 Qb5 29. Nc3 Qa5 30. Nd5 Bxd5 31. exd5 e5 32. fxe5 Nxe5 33. Qh8+ Ke7
34. Qxh7 Rxc1 35. Qh4+ Ke8 36. Rxc1 a3 37. Qh8+ Ke7 38. Qh4+ f6 39. Qh7+ Nf7
40. Qe4+ Kf8 41. Qd4 Re8 42. Qf2 a2 43. Ra1 Rb8 44. Be4 Qb4 45. Bf5 Qb3 46.
Rxa2 Qxd5+ 47. Kg1 Ng5 48. Kf1 Re8 49. Ra1 Re5 50. Bg4 f5 51. Kg1 Kg7 52. h4
Ne4 53. Bf3 Re7 54. Ra7 Rxa7 55. Qxa7+ Kf6 56. Qe3 Qc5 57. Qxc5 Nxc5 58. Kf2
Nd3+ 1/2-1/2

[Event "30ème Open  d'Avoine"]
[Site "Avoine"]
[Date "2015.07.18"]
[Round "4.30"]
[White "Chevrier, Thomas"]
[Black "Viers, Emmanuel"]
[Result "1-0"]
[WhiteElo "2185"]
[BlackElo "2012"]
[PlyCount "75"]
[EventDate "2015.??.??"]
[WhiteTeam "C-E BOIS-COLOMBES"]
[BlackTeam "C.E. STRASBOURG"]

1. e4 c5 2. Nf3 Nc6 3. d4 cxd4 4. Nxd4 g6 5. Nb3 Bg7 6. Be2 Nf6 7. Nc3 d6 8.
Be3 O-O 9. O-O b6 10. f4 Bb7 11. Bf3 Nd7 12. Qd2 Nc5 13. Rad1 Qc8 14. Nd5 Nxb3
15. axb3 f5 16. exf5 gxf5 17. b4 Qd7 18. b5 Nd8 19. Bd4 Rf7 20. c4 Ne6 21. Bxg7
Rxg7 22. Qe3 Nc5 23. Rfe1 Kf8 24. b4 Ne4 25. Bxe4 fxe4 26. Qxe4 Re8 27. f5 Bc8
28. f6 exf6 29. Nxf6 Rxe4 30. Nxd7+ Rxd7 31. Rxe4 Bb7 32. Red4 Ke7 33. c5 bxc5
34. bxc5 Bc8 35. Rxd6 Rb7 36. b6 axb6 37. cxb6 Be6 38. Rc6 1-0

[Event "30ème Open  d'Avoine"]
[Site "Avoine"]
[Date "2015.07.18"]
[Round "4.31"]
[White "Marchadour, Emilie"]
[Black "Malassagne, Raphael"]
[Result "1/2-1/2"]
[WhiteElo "1991"]
[BlackElo "2185"]
[PlyCount "142"]
[EventDate "2015.??.??"]
[WhiteTeam "C-E BOIS-COLOMBES"]
[BlackTeam "C.E. STRASBOURG"]

1. e4 d5 2. exd5 Qxd5 3. Nc3 Qa5 4. d4 Nf6 5. Nf3 c6 6. Bd2 Bf5 7. Bc4 e6 8.
O-O Bb4 9. a3 Bxc3 10. Bxc3 Qb6 11. Re1 O-O 12. b3 Nbd7 13. Bd3 Bxd3 14. Qxd3
Qb5 15. Qd2 Qf5 16. Bb2 Rfd8 17. Rad1 h6 18. Qd3 Qxd3 19. Rxd3 Rac8 20. Red1
Rc7 21. g3 Rb8 22. Ne5 Rd8 23. Nf3 Ne4 24. Nd2 Ndf6 25. Nxe4 Nxe4 26. f3 Nf6
27. Kf2 b5 28. Bc3 Rb7 29. Ba5 Rd5 30. Rc3 e5 31. Rxc6 exd4 32. Rd2 Rbd7 33.
Rc8+ Kh7 34. Rc7 Kg6 35. Rxd7 Rxd7 36. Bb4 Rd5 37. Be7 Nd7 38. Bb4 Nb6 39. Ba5
Nd7 40. Bb4 Nf6 41. Ba5 Nd7 {(=)} 42. Bc3 Rh5 43. Bxd4 Rxh2+ 44. Ke3 Rh3 45.
Bxa7 Nf6 46. Bb8 Rh5 47. c4 bxc4 48. bxc4 Ra5 49. Bd6 Kf5 50. Bb4 Ra8 51. c5 h5
52. c6 g5 53. c7 Ne8 54. Ba5 Nxc7 55. Bxc7 Rxa3+ 56. Kf2 f6 57. Bd8 Ra6 58. Rb2
Rd6 59. Be7 Re6 60. Re2 Rc6 61. Kg2 Ra6 62. Kh3 Rb6 63. Kg2 Ra6 64. Bc5 Rc6 65.
Bd4 Rd6 66. Bb2 Rb6 {(=)} 67. Rf2 Rb3 68. f4 Kg4 69. Bxf6 Rxg3+ 70. Kh2 Rh3+
71. Kg2 Rg3+ 1/2-1/2

[Event "30ème Open  d'Avoine"]
[Site "Avoine"]
[Date "2015.07.18"]
[Round "4.32"]
[White "Gros, Patrick"]
[Black "Degardin, Sylvain"]
[Result "0-1"]
[WhiteElo "1974"]
[BlackElo "2145"]
[PlyCount "68"]
[EventDate "2015.??.??"]
[WhiteTeam "C-E BOIS-COLOMBES"]
[BlackTeam "C.E. STRASBOURG"]

1. d4 Nf6 2. Bf4 e6 3. e3 b6 4. Nf3 Bb7 5. Bd3 c5 6. c3 cxd4 7. exd4 Be7 8.
Nbd2 O-O 9. Qe2 d6 10. h3 Nbd7 11. O-O Re8 12. Ne4 Nxe4 13. Bxe4 Bxe4 14. Qxe4
Qc7 15. Rfe1 Bf8 16. Ng5 Nf6 17. Qf3 h6 18. Ne4 Nd5 19. Bd2 b5 20. Ng3 a5 21.
Re4 b4 22. Rg4 Kh8 23. Bxh6 gxh6 24. c4 f5 25. Rh4 Nf6 26. d5 exd5 27. Nxf5 Ng8
28. Qxd5 Ra7 29. Qd4+ Bg7 30. Qxd6 Qxd6 31. Nxd6 Re2 32. Nf5 Bf6 33. Rh5 Bg5
34. Ng3 Re6 0-1

[Event "30ème Open  d'Avoine"]
[Site "Avoine"]
[Date "2015.07.18"]
[Round "4.34"]
[White "Aflalo, Sophie"]
[Black "Neau, Julien"]
[Result "1-0"]
[WhiteElo "2135"]
[BlackElo "1879"]
[PlyCount "45"]
[EventDate "2015.??.??"]
[WhiteTeam "C-E BOIS-COLOMBES"]
[BlackTeam "C.E. STRASBOURG"]

1. e4 d6 2. Nc3 Nf6 3. d4 g6 4. Be2 Bg7 5. h4 O-O 6. h5 c5 7. hxg6 hxg6 8. Nf3
Bg4 9. d5 b5 10. Ng5 Bxe2 11. Nxe2 Nbd7 12. Qd3 Ne5 13. Qh3 Qd7 14. Qh2 Neg4
15. Qh4 Nh6 16. f3 e6 17. Nh3 exd5 18. Bxh6 dxe4 19. Ng5 Nh5 20. Bxg7 Kxg7 21.
fxe4 Rh8 22. O-O-O Nf6 23. Qf4 1-0

[Event "30ème Open  d'Avoine"]
[Site "Avoine"]
[Date "2015.07.18"]
[Round "4.35"]
[White "Midy, Robin"]
[Black "Dutreuil, Raphael"]
[Result "0-1"]
[WhiteElo "1947"]
[BlackElo "2130"]
[PlyCount "78"]
[EventDate "2015.??.??"]
[WhiteTeam "C-E BOIS-COLOMBES"]
[BlackTeam "C.E. STRASBOURG"]

1. d4 Nf6 2. Bg5 c5 3. d5 Ne4 4. Bf4 d6 5. Nd2 Nf6 6. e4 g6 7. Ne2 Bg7 8. Nc3
O-O 9. Be2 Na6 10. O-O Nc7 11. a4 b6 12. Re1 a6 13. Nc4 b5 14. Nb6 Rb8 15. Nxc8
Qxc8 16. axb5 axb5 17. e5 dxe5 18. Bxe5 b4 19. Bxc7 Qxc7 20. Nb5 Qd7 21. Ra7
Rb7 22. Rxb7 Qxb7 23. Bc4 Rd8 24. Qf3 Nxd5 25. Nc7 Qxc7 26. Bxd5 e6 27. Bc4
Bxb2 28. Rd1 Bd4 29. g3 Qe5 30. Kg2 Kg7 31. Rd2 Rd7 32. Re2 Qd6 33. h4 h5 34.
g4 hxg4 35. Qxg4 Qc6+ 36. f3 Ra7 37. Bxe6 Ra1 38. Bd7 Rg1+ 39. Kh3 Qd6 0-1

[Event "30ème Open  d'Avoine"]
[Site "Avoine"]
[Date "2015.07.18"]
[Round "4.36"]
[White "Bognet, Ronan"]
[Black "Gatineau, Yovann"]
[Result "0-1"]
[WhiteElo "1837"]
[BlackElo "2105"]
[PlyCount "104"]
[EventDate "2015.??.??"]
[WhiteTeam "C-E BOIS-COLOMBES"]
[BlackTeam "C.E. STRASBOURG"]

1. Nf3 c5 2. g3 Nc6 3. Bg2 e5 4. d3 g6 5. e4 Bg7 6. Nc3 Nge7 7. Be3 d6 8. Qd2
Nd4 9. h4 Bg4 10. Nh2 Be6 11. f4 Rb8 12. g4 exf4 13. Bxf4 h5 14. gxh5 Rxh5 15.
Nf3 Nec6 16. Bg5 Qa5 17. Nxd4 Nxd4 18. Rc1 Be5 19. O-O Kd7 20. Qf2 Rxg5 21.
hxg5 Rh8 22. Rfe1 Qd8 23. Nd5 Qxg5 24. c3 Bxd5 25. exd5 Nf5 26. Rxe5 Qxc1+ 27.
Re1 Qh6 28. Kf1 Qh2 29. Ke2 Re8+ 30. Kd1 Rxe1+ 31. Kxe1 Qg3 32. Qxg3 Nxg3 33.
Kf2 Nh5 34. Bf3 f5 35. Ke3 Ke7 36. d4 cxd4+ 37. Kxd4 Nf6 38. c4 Nd7 39. b4 b6
40. Bd1 g5 41. Bc2 Kf6 42. Ba4 Ne5 43. c5 bxc5+ 44. bxc5 dxc5+ 45. Kxc5 g4 46.
Bb5 g3 47. Bf1 f4 48. Kd4 f3 49. Ke3 g2 50. Bxg2 fxg2 51. Kf2 Nc4 52. Kxg2 Ke5
0-1

[Event "30ème Open  d'Avoine"]
[Site "Avoine"]
[Date "2015.07.18"]
[Round "4.37"]
[White "Patarin, Arnaud"]
[Black "Ronce, Nathan"]
[Result "0-1"]
[WhiteElo "1774"]
[BlackElo "2105"]
[PlyCount "92"]
[EventDate "2015.??.??"]
[WhiteTeam "C-E BOIS-COLOMBES"]
[BlackTeam "C.E. STRASBOURG"]

1. c4 e5 2. Nc3 Nf6 3. g3 d5 4. cxd5 Nxd5 5. Bg2 Nb6 6. Nf3 Nc6 7. O-O Be7 8.
a3 O-O 9. d3 Be6 10. b4 f6 11. Bb2 a5 12. b5 Nd4 13. Nxd4 exd4 14. Na4 Bd5 15.
Nxb6 cxb6 16. a4 Bxg2 17. Kxg2 Qd5+ 18. Kg1 f5 19. Qc1 Rac8 20. Qf4 Bc5 21.
Rfc1 Rcd8 22. Rc4 Rfe8 23. Qf3 Qxf3 24. exf3 Re2 25. Ba3 Bxa3 26. Rxa3 Rd7 27.
Kf1 {(=)} Rd2 28. Ke1 Rb2 29. Ra1 Re7+ 30. Kf1 Ree2 31. Rxd4 Rxf2+ 32. Kg1 Rg2+
33. Kh1 Rxh2+ 34. Kg1 Rbg2+ 35. Kf1 Rxg3 36. Ra3 Rxf3+ 37. Kg1 Rd2 38. Rd8+ Kf7
39. Rd7+ Kf6 40. Rxb7 g5 41. Rxb6+ Ke5 42. d4+ Kf4 43. Rxf3+ Kxf3 44. Rf6 f4
45. b6 g4 46. b7 Rd1+ 0-1

[Event "30ème Open  d'Avoine"]
[Site "Avoine"]
[Date "2015.07.18"]
[Round "4.38"]
[White "Ponthieux, Franck"]
[Black "Seret, Jean-Luc"]
[Result "0-1"]
[WhiteElo "1454"]
[BlackElo "2392"]
[PlyCount "62"]
[EventDate "2015.??.??"]
[WhiteTeam "C-E BOIS-COLOMBES"]
[BlackTeam "C.E. STRASBOURG"]

1. f4 b6 2. Nf3 Bb7 3. e3 g6 4. Nc3 Bg7 5. b3 Nf6 6. Bb2 O-O 7. Be2 c5 8. O-O
Nc6 9. h3 Ne4 10. Qe1 Nb4 11. Bd1 Nxc3 12. Bxc3 Bxc3 13. dxc3 Nd5 14. c4 Nf6
15. Ng5 h6 16. Nf3 e6 17. Qh4 Kg7 18. g4 Ne4 19. g5 Rh8 20. Qg4 hxg5 21. fxg5
f5 22. gxf6+ Qxf6 23. Be2 Raf8 24. Rad1 Bc6 25. a4 Nc3 26. Nd4 Qe5 27. Rxf8
Nxe2+ 28. Nxe2 Rxf8 29. Qg3 Qe4 30. Kh2 Rf3 31. Qg5 Rf2+ 0-1

[Event "30ème Open  d'Avoine"]
[Site "Avoine"]
[Date "2015.07.18"]
[Round "4.39"]
[White "Prevot, Rodolphe"]
[Black "Burri, Quentin"]
[Result "0-1"]
[WhiteElo "1879"]
[BlackElo "2292"]
[PlyCount "32"]
[EventDate "2015.??.??"]
[WhiteTeam "C-E BOIS-COLOMBES"]
[BlackTeam "C.E. STRASBOURG"]

1. Nf3 c5 2. b3 Nc6 3. Bb2 d6 4. g3 e5 5. d3 g6 6. Bg2 Bg7 7. Nbd2 Nge7 8. a4
O-O 9. Nc4 h6 10. Nfd2 Be6 11. e4 f5 12. exf5 gxf5 13. O-O d5 14. Na3 f4 15.
Qe2 Qd7 16. Nf3 e4 0-1

[Event "30ème Open  d'Avoine"]
[Site "Avoine"]
[Date "2015.07.18"]
[Round "4.40"]
[White "Davy, Bruno"]
[Black "Frick, Christoph"]
[Result "0-1"]
[WhiteElo "1872"]
[BlackElo "2217"]
[PlyCount "34"]
[EventDate "2015.??.??"]
[WhiteTeam "C-E BOIS-COLOMBES"]
[BlackTeam "C.E. STRASBOURG"]

1. e4 c6 2. d4 d5 3. e5 Bf5 4. c4 e6 5. Nc3 Nd7 6. a3 dxc4 7. Bxc4 Nb6 8. Bb3
Ne7 9. Be3 Ned5 10. Nge2 Be7 11. Ng3 Bg6 12. Nge4 O-O 13. Bc2 Nxe3 14. fxe3 Bg5
15. Qe2 Bh6 16. O-O Nd5 17. Nd1 Nxe3 0-1

[Event "30ème Open  d'Avoine"]
[Site "Avoine"]
[Date "2015.07.18"]
[Round "4.41"]
[White "Guinovart, Jose"]
[Black "Burille, Matthieu"]
[Result "0-1"]
[WhiteElo "1865"]
[BlackElo "2154"]
[PlyCount "58"]
[EventDate "2015.??.??"]
[WhiteTeam "C-E BOIS-COLOMBES"]
[BlackTeam "C.E. STRASBOURG"]

1. d4 Nf6 2. c4 e6 3. Nc3 Bb4 4. e3 O-O 5. Bd3 d5 6. Nge2 dxc4 7. Bxc4 c5 8.
O-O cxd4 9. exd4 Nbd7 10. Bg5 Be7 11. Rc1 a6 12. a4 Nb6 13. Bd3 Nfd5 14. Bxe7
Nxe7 15. Bb1 Nbd5 16. Qd3 Ng6 17. Qg3 Nxc3 18. Rxc3 Bd7 19. b3 Bc6 20. Rc5 Qf6
21. f4 Ne7 22. f5 Nxf5 23. Bxf5 exf5 24. Rfxf5 Qe6 25. Qf2 Qxb3 26. h4 Rae8 27.
Rfe5 Qxa4 28. Qe3 f6 29. Nc3 Qa1+ 0-1

[Event "30ème Open  d'Avoine"]
[Site "Avoine"]
[Date "2015.07.18"]
[Round "4.42"]
[White "Kasparova, Tatiana"]
[Black "Brard, Laurent"]
[Result "1-0"]
[WhiteElo "2141"]
[BlackElo "1877"]
[PlyCount "73"]
[EventDate "2015.??.??"]
[WhiteTeam "C-E BOIS-COLOMBES"]
[BlackTeam "C.E. STRASBOURG"]

1. e4 c5 2. Nf3 d6 3. d4 cxd4 4. Nxd4 Nf6 5. f3 Nc6 6. c4 Qb6 7. Nc2 e6 8. Nc3
Be7 9. Rb1 O-O 10. Be3 Qc7 11. Be2 Rd8 12. Qd2 b6 13. O-O Bb7 14. Rfd1 Ne5 15.
Nb5 Qc8 16. Rbc1 a6 17. Nba3 Qc7 18. Nd4 Rac8 19. b4 Qb8 20. Qb2 d5 21. exd5
exd5 22. Nf5 Bf8 23. Bxb6 Nxc4 24. Nxc4 dxc4 25. Bxd8 Rxd8 26. Nh6+ gxh6 27.
Qxf6 Rxd1+ 28. Rxd1 Qc7 29. Rd4 Bxb4 30. Rg4+ Kf8 31. Qxh6+ Ke7 32. Rxc4 Bc5+
33. Kf1 Qe5 34. Qh4+ Ke8 35. Qf4 Qxf4 36. Rxf4 Be3 37. Ra4 1-0

[Event "30ème Open  d'Avoine"]
[Site "Avoine"]
[Date "2015.07.18"]
[Round "4.44"]
[White "Rioland, Paul"]
[Black "Batteux, Mickael"]
[Result "1/2-1/2"]
[WhiteElo "1859"]
[BlackElo "2135"]
[PlyCount "115"]
[EventDate "2015.??.??"]
[WhiteTeam "C-E BOIS-COLOMBES"]
[BlackTeam "C.E. STRASBOURG"]

1. e4 Nf6 2. e5 Nd5 3. d4 d6 4. Be2 g6 5. f4 Bg7 6. Nf3 O-O 7. O-O c6 8. c4 Nc7
9. Nc3 Bd7 10. Ne4 d5 11. Nc5 Bc8 12. b4 b6 13. Nb3 dxc4 14. Bxc4 Nd5 15. Qd2
Na6 16. Ba3 Nac7 17. Rac1 Bh6 18. g3 Bh3 19. Ng5 Bxf1 20. Bxf1 Nb5 21. Bb2 a5
22. bxa5 bxa5 23. Rxc6 a4 24. Bxb5 axb3 25. axb3 Qa5 26. Qxa5 Rxa5 27. Bc4 Bxg5
28. fxg5 Ne3 29. Bc3 Ra2 30. Bd3 Rb8 31. b4 Ra3 32. Be4 Nd1 33. Bd2 Ne3 34. d5
Ra1+ 35. Kf2 Ng4+ 36. Ke2 Nxe5 37. Rc7 Ra2 38. Ke3 Kf8 39. Bc3 Ng4+ 40. Kd4
Rxh2 41. Kc5 Nf2 42. Bf3 {(=)} Nh3 43. Be4 Nxg5 44. Bd3 Rg2 45. Be5 Rd2 46. Kc4
f6 47. Bf4 Rxd3 48. Kxd3 Rxb4 49. Rc8+ {(=)} Kf7 50. Rc7 Ke8 51. Rc8+ Kd7 52.
Rc7+ Ke8 53. Ra7 Rb5 54. Ra8+ Kd7 55. Ra7+ Ke8 56. Kc4 Rb2 57. Ra8+ Kf7 58. Ra7
1/2-1/2

[Event "30ème Open  d'Avoine"]
[Site "Avoine"]
[Date "2015.07.18"]
[Round "4.45"]
[White "Cau, Benjamin"]
[Black "Louvet, Christophe"]
[Result "1/2-1/2"]
[WhiteElo "2133"]
[BlackElo "1869"]
[PlyCount "66"]
[EventDate "2015.??.??"]
[WhiteTeam "C-E BOIS-COLOMBES"]
[BlackTeam "C.E. STRASBOURG"]

1. e4 e5 2. Nf3 d6 3. d4 Nd7 4. Bc4 Be7 5. Nc3 Ngf6 6. O-O O-O 7. h3 c6 8. Bb3
b5 9. Re1 a5 10. d5 Bb7 11. dxc6 Bxc6 12. Bd5 Bxd5 13. Nxd5 Nxd5 14. Qxd5 Rb8
15. c3 Qc7 16. Bg5 Bxg5 17. Nxg5 Nf6 18. Qb3 h6 19. Nf3 Rfc8 20. Rad1 Qc6 21.
Qc2 b4 22. c4 Qxc4 23. Qxc4 Rxc4 24. Rxd6 Rc5 25. b3 Rbc8 26. Ra6 Rd8 27. Re2
Rd3 28. Ra8+ Kh7 29. Ra7 Nd7 30. Rd2 Rxd2 31. Nxd2 Nf6 32. Nc4 Nxe4 33. Rxa5
Rxa5 {(=)} 1/2-1/2

[Event "30ème Open  d'Avoine"]
[Site "Avoine"]
[Date "2015.07.18"]
[Round "4.46"]
[White "Malassagne, Isabelle"]
[Black "Dupeux, Denis"]
[Result "1-0"]
[WhiteElo "2113"]
[BlackElo "1857"]
[PlyCount "57"]
[EventDate "2015.??.??"]
[WhiteTeam "C-E BOIS-COLOMBES"]
[BlackTeam "C.E. STRASBOURG"]

1. e4 c5 2. Nf3 d6 3. d4 cxd4 4. Nxd4 Nf6 5. Nc3 a6 6. Bc4 e6 7. Bb3 Be7 8. g4
Nc6 9. g5 Nxd4 10. Qxd4 e5 11. Qd1 Nd7 12. h4 Nc5 13. Be3 Be6 14. Bxe6 Nxe6 15.
Qd2 Rc8 16. O-O-O Rc6 17. Rhg1 b5 18. h5 Nc5 19. Kb1 b4 20. Nd5 a5 21. f3 Na4
22. g6 f6 23. h6 gxh6 24. g7 Rg8 25. Qh2 Nc3+ 26. bxc3 bxc3 27. Qh5+ Kd7 28.
Qf5+ Ke8 29. Nxf6+ 1-0

[Event "30ème Open  d'Avoine"]
[Site "Avoine"]
[Date "2015.07.18"]
[Round "4.47"]
[White "Ouadi, Ali"]
[Black "Deslias, Gregoire"]
[Result "0-1"]
[WhiteElo "1829"]
[BlackElo "2093"]
[PlyCount "76"]
[EventDate "2015.??.??"]
[WhiteTeam "C-E BOIS-COLOMBES"]
[BlackTeam "C.E. STRASBOURG"]

1. d4 Nf6 2. c4 e6 3. Nc3 Bb4 4. e3 O-O 5. Bd3 d5 6. Nge2 c5 7. a3 Bxc3+ 8.
Nxc3 dxc4 9. Bxc4 cxd4 10. exd4 Nc6 11. Be3 Qc7 12. Qe2 Rd8 13. Rd1 e5 14. d5
Nd4 15. Bxd4 exd4 16. Rxd4 Re8 17. Ne4 Bf5 18. f3 Bxe4 19. fxe4 Qf4 20. Rf1 Qe5
21. Qf2 Nxe4 22. Qe3 Ng3 23. Qxe5 Rxe5+ 24. Kd2 Nxf1+ 25. Bxf1 Rd8 26. Bc4 Kf8
27. b4 Ke7 28. a4 Kd6 29. Rf4 Rd7 30. Rg4 f5 31. Rh4 Re4 32. Rxe4 fxe4 33. Ke3
Ke5 34. Bb3 Rc7 35. Ba2 Rc3+ 36. Kd2 Rd3+ 37. Ke2 Ra3 38. Bc4 Rxa4 0-1

[Event "30ème Open  d'Avoine"]
[Site "Avoine"]
[Date "2015.07.18"]
[Round "4.48"]
[White "Steinle, Thibaud"]
[Black "Kantzer, Romain"]
[Result "1-0"]
[WhiteElo "2079"]
[BlackElo "1829"]
[PlyCount "67"]
[EventDate "2015.??.??"]
[WhiteTeam "C-E BOIS-COLOMBES"]
[BlackTeam "C.E. STRASBOURG"]

1. e4 c5 2. c3 d6 3. d4 Nf6 4. Bd3 e5 5. d5 Be7 6. Ne2 Nbd7 7. Nd2 Nf8 8. h3
Ng6 9. a4 O-O 10. Nc4 Bd7 11. f4 Nh5 12. f5 Bh4+ 13. Kf1 Ngf4 14. Nxf4 Ng3+ 15.
Kg1 exf4 16. Bxf4 Nxh1 17. Kxh1 Be7 18. Qf3 b5 19. Nxd6 c4 20. Bc2 Bxd6 21.
Bxd6 Re8 22. Qg3 Qf6 23. e5 Qh6 24. Rf1 Qd2 25. f6 g6 26. Rf2 Qc1+ 27. Kh2 bxa4
28. Rf4 Qxc2 29. Qg5 Bxh3 30. Kxh3 Qd1 31. Rh4 Qh1+ 32. Kg3 Qe1+ 33. Kh2 h5 34.
Rxh5 1-0

[Event "30ème Open  d'Avoine"]
[Site "Avoine"]
[Date "2015.07.18"]
[Round "4.49"]
[White "Chemla, Oscar"]
[Black "Lafrechoux, Laurent"]
[Result "1-0"]
[WhiteElo "2069"]
[BlackElo "1827"]
[PlyCount "65"]
[EventDate "2015.??.??"]
[WhiteTeam "C-E BOIS-COLOMBES"]
[BlackTeam "C.E. STRASBOURG"]

1. e4 Nc6 2. Nf3 d6 3. d4 e5 4. h3 Nxd4 5. Nxd4 exd4 6. Qxd4 Qf6 7. Qd1 Bd7 8.
Nc3 g6 9. Nd5 Qd8 10. Qd4 f6 11. Bc4 c6 12. Nc3 Qa5 13. Bf4 O-O-O 14. Be3 b5
15. Be2 Kb7 16. O-O Qb6 17. Qd3 Qc7 18. a4 b4 19. Qa6+ Ka8 20. Nb5 cxb5 21.
axb5 Bc8 22. Qa2 Rd7 23. Bc4 d5 24. Bxd5+ Rxd5 25. Qxd5+ Bb7 26. b6 Qxb6 27.
Bxb6 Bxd5 28. Rxa7+ Kb8 29. exd5 Ne7 30. Ra5 Nf5 31. Rfa1 Kb7 32. Bd8 Bg7 33.
Ra8 1-0

[Event "30ème Open  d'Avoine"]
[Site "Avoine"]
[Date "2015.07.18"]
[Round "4.50"]
[White "Duval, Claire"]
[Black "De Lussac, Rainier"]
[Result "1/2-1/2"]
[WhiteElo "1818"]
[BlackElo "2065"]
[PlyCount "67"]
[EventDate "2015.??.??"]
[WhiteTeam "C-E BOIS-COLOMBES"]
[BlackTeam "C.E. STRASBOURG"]

1. d4 Nf6 2. c4 e6 3. Nc3 Bb4 4. Qc2 O-O 5. Nf3 b6 6. e4 d5 7. e5 Ne4 8. Bd3
Bb7 9. O-O Bxc3 10. bxc3 Nd7 11. cxd5 exd5 12. Bxe4 dxe4 13. Ng5 Qe7 14. Nxe4
f6 15. Re1 fxe5 16. Ng5 e4 17. Nxe4 Rae8 18. f3 Qh4 19. Bg5 Qh5 20. Be3 Nf6 21.
Ng3 Qf7 22. Bf2 Nd5 23. Rxe8 Rxe8 24. Re1 Rxe1+ 25. Bxe1 Ne3 26. Qe2 Nf5 27.
Nxf5 Qxf5 28. c4 Kf7 29. Kf2 Qe6 30. Qxe6+ Kxe6 {(=)} 31. Ke3 c6 32. Bg3 Ba6
33. Kd3 Bb7 34. Bb8 {(=)} 1/2-1/2